000 00300 a2200133 4500
000 nam a22 7a 4500
100 _aLyra Moon
110 _aLyra Moon
245 _aAdvanced Cell Biology
250 _alatest edition
260 _bBRILLIANCE
_c2026
264 _bBRILLIANCE
_c2026
942 _cBK
999 _c394055
_d394055